LEADER 01108cam0-22003851i-450- 001 990007469560403321 005 20110907145722.0 035 $a000746956 035 $aFED01000746956 035 $a(Aleph)000746956FED01 035 $a000746956 100 $a20030814d1988----km-y0itay50------ba 101 0 $aita 102 $aIT 105 $aa-------001yy 200 1 $aAlla ricerca della forma urbana$fGabriele Tagliaventi$g[con introduzione di Leon Krier] 210 $aBologna$cPatron$d1988 215 $a264 p.$cill.$d24 cm 300 $aIl contributo e' stato desunto dalla copertina. 610 0 $aGeografia urbana 676 $a711.4 700 1$aTagliaventi,$bGabriele$f<1960- >$010695 801 0$aIT$bUNINA$gRICA$2UNIMARC 901 $aBK 912 $a990007469560403321 952 $aVII D 41$b15097$fFSPBC 952 $aA-G 0174$bI.G.295A$fILFGE 952 $a01 B2 IV 33$b02843$fDINST 952 $a050.1TAG1988$b1122$fDECGE 959 $aILFGE 959 $aDINST 959 $aFSPBC 959 $aDECGE 996 $aAlla ricerca della forma urbana$9674198 997 $aUNINA LEADER 01173nam0-2200385-i-450- 001 990009135390403321 005 20100118131327.0 010 $a978-0-8218-4649-0 035 $a000913539 035 $aFED01000913539 035 $a(Aleph)000913539FED01 035 $a000913539 100 $a20100118d2009----km-y0itay50------ba 101 0 $aeng 102 $aUS 105 $aa---a---101yy 200 1 $aErgodic theory$eprobability and ergodic theory workshops, February 15-18, 2007, February 14-17, 2008, University of North Carolina, Chapel Hill$fIdris Assani, editor 210 $aProvidence$cAmerican Mathematical Society$dc2009 215 $aVI, 162 p.$d26 cm 225 1 $aContemporary mathematics$v485 610 0 $aSistemi dinamici e teoria ergodica 610 0 $aTeoria ergodica 610 0 $aAtti di conferenze di interesse specifico vario 676 $a515.48$v22 702 1$aAssani,$bIdris 801 0$aIT$bUNINA$gRICA$2UNIMARC 901 $aBK 912 $a990009135390403321 952 $aC-1-(485$b24066$fMA1 959 $aMA1 962 $a37-06 962 $a37AXX 962 $a00B25 996 $aErgodic theory$980545 997 $aUNINA LEADER 00954nam0-22003371i-450- 001 990003110150403321 035 $a000311015 035 $aFED01000311015 035 $a(Aleph)000311015FED01 035 $a000311015 100 $a20000920d1967----km-y0itay50------ba 101 0 $aita 102 $aIT 200 1 $aIssues in Banking and Monetary Analysis$fedited by Giulio Pontecorvo, Robert P.Shay, Albert G.Hart. 210 $aNew York$cHolt$dRinehart & Winston$d\copyr.\\1967. 215 $aIX, 236 p.$d24 cm 676 $aJ/2.2 676 $aJ/2.4 676 $aJ/5 676 $aO/2.1 702 1$aHart,$bAlbert Gailord$f<1909-1997> 702 1$aPontecorvo,$bGiulio 702 1$aShay,$bRobert P. 801 0$aIT$bUNINA$gRICA$2UNIMARC 901 $aBK 912 $a990003110150403321 952 $aJ/2.2 ISS$b1991/I$fSES 959 $aSES 996 $aIssues in banking and monetary analysis$960796 997 $aUNINA DB $aING01